书目信息 |
| 题名: |
工程制图习题集
|
|
| 作者: | 尚久明 主编 | |
| 分册: | ||
| 出版信息: | 北京 中国建筑工业出版社 |
|
| 页数: | 51页 | |
| 开本: | 18cm | |
| 丛书名: | ||
| 单 册: | ||
| 中图分类: | TB204-44 | |
| 科图分类: | ||
| 主题词: | 工程--设计--工程--设计--高等教育--教材 | |
| 电子资源: | ||
| ISBN: | 7-112-06923-8 | |
| 000 | 00963nam0 2200265 450 | |
| 001 | 002909950 | |
| 005 | 20080119151044.32 | |
| 010 | @a7-112-06923-8 | |
| 100 | @a20050627d em y0chiy0110 ea | |
| 101 | 0 | @achi |
| 102 | @aCN@b110000 | |
| 105 | @ay z 000yy | |
| 200 | 1 | @a工程制图习题集@Agong cheng zhi tu xi ti ji@9gong cheng zhi tu@f尚久明主编 |
| 210 | @a北京@c中国建筑工业出版社 | |
| 215 | @a51页@c图@d18cm | |
| 300 | @a全国高职高专教育土建类专业教学指导委员会规划推荐教材(供热通风与空调工程技术专业适用) | |
| 304 | @a本教材编审委员会组织编写 | |
| 307 | @a附:《工程制图习题集》1册 | |
| 330 | @a本书阐述了供热通风和空调工程技术专业工程制图的基本知识,分别介绍了展开图和工程管道的表示方法、房屋建筑工程图、给排水工程图、暖通空调工程图等。 | |
| 606 | 0 | @a工程@x设计@a工程@x设计@x高等教育@j教材 |
| 690 | @aTB204-44@v4 | |
| 701 | 0 | @a尚久明@9sh ang jiu ming@4主编 |
| 801 | 0 | @aCN@c20080119 |
| 905 | @dTB204-44@eS311 | |
| 906 | @dCNY29.00@n3@r1 | |
| 工程制图习题集/尚久明主编.-北京:中国建筑工业出版社 |
| 51页:图;18cm |
| 全国高职高专教育土建类专业教学指导委员会规划推荐教材(供热通风与空调工程技术专业适用) |
| ISBN 7-112-06923-8: |
| 本书阐述了供热通风和空调工程技术专业工程制图的基本知识,分别介绍了展开图和工程管道的表示方法、房屋建筑工程图、给排水工程图、暖通空调工程图等。 |
| ● |
| 相关链接 |
|
|
|
正题名:工程制图习题集
索取号:TB204-44/S311
 
预约/预借
| 序号 | 登录号 | 条形码 | 馆藏地/架位号 | 状态 | 备注 |
| 1 | 478393 | 204783939 | 自科库501/501自科库 4排4列5层/ [索取号:TB204-44/S311] | 在馆 | |
| 2 | 478394 | 204783948 | 自科库501/501自科库 4排4列5层/ [索取号:TB204-44/S311] | 在馆 | |
| 3 | 478395 | 204783957 | 自科库501/501自科库 4排4列5层/ [索取号:TB204-44/S311] | 在馆 |